1805 1451 1605 1051 1857 1848 1082 1221 1412 1498 1623 1667 1112 1376 1419 1996 1656 1579 1051 1086 1991 1019 1695 1936 1669 1015 1430 1152 1271 1108 1277 1914 1550 1194 1122 1511 1216 1186 1770 1018 1557 1731 1717 1529 1412 1679 1741 1623 1084 1894 1098 1320 1935 1225 1630 1143 1277 1173 1758 1982 1340 1860 1252 1373 1299 1544 1671 1712 1372 1309 1179 1187 1326 1449 1063 1253 1090 1484 1595 1680 1123 1291 1088 1400 1939 1462 1162 1574 1009 1573 1455 1476 1939 1889 1818 1428 1793 1736 1723 BCNSPRNW ULIB Ver.6.0+V

เปลี่ยนเป็นภาษาไทย

Change to English
 แสดงรายละเอียดบรรณานุกรม
  กลับหน้าหลัก

Brief Record : Get Marc (ISO 2709) : E-mail record : QR code < ปิดหน้าต่าง
LEADER : 00000nam 2200000uu 4500
001    13399126814
003     ULIB
008    190308s2561||||th 000 0 tha d
020    ^a9786165071093^c380.00
050  4 ^aBF698.A2^bศ243ท
100 0  ^aศรีเรือน แก้วกังวาล
245 10 ^aทฤษฎีจิตวิทยาบุคลิกภาพ (รู้เรา รู้เขา) /^cศรีเรือน แก้วกังวาล
250    ^aพิมพ์ครั้งที่ 17
260    ^aกรุงเทพฯ :^bหมอชาวบ้าน,^c2561
300    ^a554 หน้า :^bภาพประกอบ;^c19ซม.
504    ^aบรรณานุกรมและดัชนีท้ายเล่ม
650  7 ^aบุคลิกภาพ^xแง่จิตวิทยา
945    ^p300^l0^i005466
945    ^p300^l0^i005465
945    ^p300^l0^i005464
999    ^aประนอม เกษจรัล
รายการนี้ยังไม่มีแท็ก
คุณยังไม่ได้ล็อกอิน คุณสามารถมีกิจกรรมร่วมกับเว็บไซต์ได้ แต่ต้องล็อกอินก่อน ::
  ล็อกอิน

รายการสื่อสารสนเทศ

ลำดับที่ ประเภท เลขเรียก/บาร์โค้ด สถานที่ สถานะ
1. การศึกษาทั่วไป
หนังสือสำรอง
สถานะ=หนังสือสำรอง
BF698.A2 ศ243ท ฉ.1 
  Barcode: 005464
ห้องสมุดวิทยาเขตสวรรค์ประชารักษ์
►หนังสือทั่วไป
บนชั้น
2. การศึกษาทั่วไป
การศึกษาทั่วไป
BF698.A2 ศ243ท ฉ.2 
  Barcode: 005465
ห้องสมุดวิทยาเขตสวรรค์ประชารักษ์
►หนังสือทั่วไป
บนชั้น
3. การศึกษาทั่วไป
การศึกษาทั่วไป
BF698.A2 ศ243ท ฉ.3 
  Barcode: 005466
ห้องสมุดวิทยาเขตสวรรค์ประชารักษ์
►หนังสือทั่วไป
บนชั้น

รายการใกล้เคียง
    ผู้แต่ง [ศรีเรือน แก้วกังวาล]

BibComment


ยังไม่เคยถูกคอมเมนท์

คอมเมนท์ทรัพยากรรายการนี้
  คอมเมนท์: ทฤษฎีจิตวิทยาบุค..


 Copyright 2026. Bcnsprnw @Library